00469nam a2200157Ia 45000030006000000080041000060400015000471000021000622450048000832600009001315460012001409420012001529990015001640050017001799520115001960STCL150530s9999 xx 000 0 und d aSTCLcSTCL aAndrews thuzhath aJuridical sources of the Syro-Mlabar church c1987 aEnglish 2ddccBK c3502d350220220125165334.0 00102ddc4070aSTCALbSTCALcGENd2015-05-30g100.00l0o200-162p49201r2015-05-30 00:00:00w2015-05-30yBK